000 00409cam a2200169ua 4500
020 _a0-7069-1379-5
041 _aeng
_h
082 _a630
_bAGR/IN
100 _aAgrawal, A.N .
245 _aIndian agriculture /
_cA.N.Agrawal.
_hTextual Documents
250 _a2 /
_b.
260 _a :
_bVikas publishing house pvt ltd ,
_c1981.
300 _a556 ; .
504 _a
942 _cBK
999 _c2566
_d2566